Computer Science: a structured programming approach using C (Record no. 782)

MARC details
000 -LEADER
fixed length control field 00618 a2200193 4500
001 - CONTROL NUMBER
control field 066781
003 - CONTROL NUMBER IDENTIFIER
control field OSt
005 - DATE AND TIME OF LATEST TRANSACTION
control field 20211007124752.0
008 - FIXED-LENGTH DATA ELEMENTS--GENERAL INFORMATION
fixed length control field
082 ## - DEWEY DECIMAL CLASSIFICATION NUMBER
Classification number 055.133
Item number F76C
100 1# - MAIN ENTRY--PERSONAL NAME
Personal name Forouzan, Behrouz A.
245 1# - TITLE STATEMENT
Title Computer Science: a structured programming approach using C
Statement of responsibility, etc by Behrouz A. Forouzan and Richard F. Gilberg
250 ## - EDITION STATEMENT
Edition statement 3rd ed.
260 ## - PUBLICATION, DISTRIBUTION, ETC. (IMPRINT)
Place of publication, distribution, etc New Delhi
Name of publisher, distributor, etc Cengage Learning
Date of publication, distribution, etc 2008
300 ## - PHYSICAL DESCRIPTION
Extent 1156p.
690 ## - LOCAL SUBJECT ADDED ENTRY--TOPICAL TERM (OCLC, RLIN)
Topical term or geographic name as entry element Structured programming; C (Computer program language); C++ (Computer program language)
700 ## - ADDED ENTRY--PERSONAL NAME
Personal name Gilberg, Richard A.
942 ## - ADDED ENTRY ELEMENTS (KOHA)
Source of classification or shelving scheme Dewey Decimal Classification
Koha item type Books
Holdings
Withdrawn status Lost status Source of classification or shelving scheme Damaged status Not for loan Collection code Home library Current library Date acquired Source of acquisition Cost, normal purchase price Full call number Barcode Date last seen Price effective from Koha item type
    Dewey Decimal Classification     General Text Book Central University Of Rajasthan Central University Of Rajasthan 07/03/2012 CSC 433.00 055.133 F76C 1067 21/11/2024 02/09/2020 Books